Statystyki dla Słynna Marka na "N"

Kliknij tutaj aby rozwiązać quiz!

Ogólne statystyki

  • Ten quiz został rozwiązany 96 razy
  • Średni wynik to 3 z 9

Statystyki odpowiedzi

Odpowiedź% Poprawnych
Nike
84%
Nokia
46%
Nestle
38%
Nivea
30%
Nintendo
26%
Netflix
22%
Nutella
21%
Netto
17%
Nasa
14%

Rozkład punktacji

Percentyl według liczby udzielonych odpowiedzi

Procent ludzi z każdym wynikiem

Twoja historia wyników

Nie rozwiązałeś tego quizu